| 000 | 00648nam a2200205 i 4500 | ||
|---|---|---|---|
| 001 | 27954 | ||
| 003 | ES-MaACL | ||
| 005 | 20230906153733.0 | ||
| 007 | t| | ||
| 008 | 030115s1971 sp ||||1| spa d | ||
| 100 | 1 |
_aBaciocchi, Jean de. _924498 |
|
| 245 | 1 | 0 |
_aCelebraciones penitenciales / _cJean de Baciocchi, Rozier, Aubry ; liminar de H. denis ; [traducción por Carlos Castro]. |
| 260 |
_aMadrid : _bMarova, _c[1971] |
||
| 300 |
_a120 p. ; _c21 cm. |
||
| 700 | 1 |
_aRozier, Claude. _9100256 |
|
| 700 | 1 |
_aAubry, André. _923822 |
|
| 700 | 1 |
_aDenis, Henri. _943701 |
|
| 700 | 1 |
_aCastro, Carlos. _936837 |
|
| 852 |
_aES-MaACL _jC-44758 _bR.77536 |
||
| 999 |
_c27954 _d27954 |
||